I dream a world : (Record no. 621)

MARC details
000 -LEADER
fixed length control field 01035nam a2200337 4500
003 - CONTROL NUMBER IDENTIFIER
control field data
005 - DATE AND TIME OF LATEST TRANSACTION
control field 20260322212027.0
008 - FIXED-LENGTH DATA ELEMENTS--GENERAL INFORMATION
fixed length control field data
010 ## - LIBRARY OF CONGRESS CONTROL NUMBER
LC control number 88032697
020 ## - INTERNATIONAL STANDARD BOOK NUMBER
International Standard Book Number 1556700636
020 ## - INTERNATIONAL STANDARD BOOK NUMBER
International Standard Book Number 9781556700637
040 ## - CATALOGING SOURCE
Original cataloging agency DLC
Transcribing agency DLC
Modifying agency MYG
043 ## - GEOGRAPHIC AREA CODE
Geographic area code n-us---
050 00 - LIBRARY OF CONGRESS CALL NUMBER
Classification number E185.86
Item number .L355 1989
092 ## - LOCALLY ASSIGNED DEWEY CALL NUMBER (OCLC)
Classification number 305.4 L355 1989
001 - CONTROL NUMBER
control field data
245 00 - TITLE STATEMENT
Title I dream a world :
Remainder of title portraits of black women who changed America /
Statement of responsibility, etc. edited by Brian Lanker & Barbara Summers.
260 ## - PUBLICATION, DISTRIBUTION, ETC.
Place of publication, distribution, etc. New York :
Name of publisher, distributor, etc. Distributed in the U.S. by Workman Pub.,
-- Distributed in the U.S. by Workman Pub.,
Date of publication, distribution, etc. 1989.
300 ## - PHYSICAL DESCRIPTION
Extent 167 p. :
Other physical details ports. ;
Dimensions 29 cm.
336 ## - CONTENT TYPE
Content type term text
Content type code txt
Source rdacontent
337 ## - MEDIA TYPE
Media type term unmediated
Media type code n
Source rdamedia
338 ## - CARRIER TYPE
Carrier type term volume
Carrier type code nc
Source rdacarrier
500 ## - GENERAL NOTE
General note Includes index.
650 #0 - SUBJECT ADDED ENTRY--TOPICAL TERM
Topical term or geographic name entry element African American women
Form subdivision Portraits.
650 #0 - SUBJECT ADDED ENTRY--TOPICAL TERM
Topical term or geographic name entry element African American women
Form subdivision Interviews.
655 #7 - INDEX TERM--GENRE/FORM
Genre/form data or focus term Portraits.
Source of term lcgft
655 #7 - INDEX TERM--GENRE/FORM
Genre/form data or focus term Interviews.
Source of term lcgft
700 1# - ADDED ENTRY--PERSONAL NAME
Personal name Lanker, Brian.
700 1# - ADDED ENTRY--PERSONAL NAME
Personal name Summers, Barbara,
Dates associated with a name 1944-
Holdings
Withdrawn status Lost status Damaged status Not for loan Home library Current library Shelving location Date acquired Total checkouts Full call number Barcode Date last seen Price effective from Koha item type
        Franklin Franklin General stacks 22/03/2026   E185.86 .L355 1989 BC0010638 22/03/2026 22/03/2026 Books